| 000 | 01311nam a22002897a 4500 | ||
|---|---|---|---|
| 001 | 04711 | ||
| 003 | HDC | ||
| 007 | cr bn ---aaaaa | ||
| 008 | 210117b20032003tai||||| |||| 00| 0 eng d | ||
| 040 | _aHDC | ||
| 110 | _aFood and Fertilizer Technology Center | ||
| 245 | 0 |
_aFFTC Research Highlights: _bUse of CO2, bee pollination, and seedling vernalization to increase self incompatible lines _c/ Tainan District Agricultural Improvement Station, Taiwan, ROC |
|
| 260 |
_aTaiwan: _bFood and Fertilizer Technology Center, _c2003 |
||
| 300 | _a1 online resource (2 pages) | ||
| 336 |
_atext _2rdacontent |
||
| 337 |
_acomputer _2rdamedia |
||
| 338 |
_aonline resource _2rdacarrier |
||
| 500 | _aExtract from: FFTC Research Highlights, March 2003 | ||
| 505 | _aGenetic diversity of germsplasm: genetic diversity of collections of pea (Pisum sativum L.) revealed by molecular markers | ||
| 650 |
_aAgricultural innovations _91956 |
||
| 650 |
_aAgriculture _xResearchAgricultural innovations _94880 |
||
| 710 | _aTainan District Agricultural Improvement Station, Taiwan, ROC | ||
| 856 | _zRequest full-text at [email protected] | ||
| 942 | _2lcc | ||
| 942 | _cAR | ||
| 942 | _kEMAG 000175 | ||
| 999 |
_c2036 _d2036 |
||